[Event "World Team-ch Women 2017"]
[Site "Khanty-Mansyisk"]
[Date "2017.06.21"]
[Round "5"]
[White "Kosteniuk, Alexandra"]
[Black "Zatonskih, Anna"]
[Result "1/2-1/2"]
[WhiteElo "2537"]
[BlackElo "2419"]
[Annotator "TA"]
[PlyCount "62"]
[EventDate "2017.??.??"]
[EventType "team-tourn"]
[EventCountry "RUS"]
[SourceTitle "playchess.com"]
[Source "ChessBase"]
[SourceQuality "1"]
[WhiteTeam "RUS"]
[BlackTeam "USA"]
[WhiteTeamCountry "RUS"]
[BlackTeamCountry "USA"]

{[%evp 22,62,37,33,58,36,66,59,76,56,53,47,46,45,47,28,32,20,46,31,35,51,54,53,62,62,45,31,41,7,13,-17,0,0,0,0,0,0,12,-6,0,-77,-63]} 1. e4 e5 2. Nf3 Nf6 {[%cal Bg8f6,Bf6e4,Be4d2][%mdl 32]} 3. Nxe5 d6 4. Nf3 Nxe4 5. d4 d5 6. Bd3 Nc6 7. O-O Bg4 8. c3 Be7 9. Nbd2 Nxd2 10. Bxd2 O-O {C42: Petroff Defence: 3 Nxe5 and unusual White 3rd moves} 11. h3 Bh5 12. g3 {LiveBook: 13 Games} Na5 $146 {[%cal Bc6a5,Ba5c4,Bc4d6,Bd6e4][%mdl 32] White is slightly better.} ({Predecessor:} 12... Qd7 13. Kg2 Bg6 14. Ne1 Bd6 15. Qg4 Qxg4 16. hxg4 Rfe8 17. Bxg6 hxg6 18. Nd3 {½-½ (37) Caruana,F (2810)-Dominguez Perez,L (2713) Dortmund 2016}) 13. Re1 Re8 14. Bf4 Bg6 15. Bxg6 hxg6 16. Qd3 Nc4 17. b3 Nd6 18. c4 (18. Bxd6 $5 Qxd6 19. Re3 $14) 18... Ne4 19. h4 Bb4 20. Re3 c6 21. Ne5 a6 22. c5 Ba5 23. f3 Nf6 $1 24. Kg2 (24. b4 $5 {[%cal Rb4a5]} Bxb4 25. Rb1 $14) 24... Nd7 25. Rh1 Nxe5 26. dxe5 Re6 27. Bg5 Qe8 28. Qd4 Bc7 {[%cal Rc7e5]} 29. Rhe1 Rb8 30. Qg4 b6 ({Wrong is} 30... Rxe5 $2 31. Rxe5 Bxe5 32. Bd2 $18) 31. cxb6 (31. h5 $11) 31... Bxb6 {Precision: White = 61%, Black = 55%.} 1/2-1/2

[Event "World Team-ch Women 2017"]
[Site "Khanty-Mansyisk"]
[Date "2017.06.21"]
[Round "5"]
[White "Lei, Tingjie"]
[Black "Khotenashvili, Bela"]
[Result "1-0"]
[WhiteElo "2488"]
[BlackElo "2452"]
[Annotator "TA"]
[PlyCount "119"]
[EventDate "2017.??.??"]
[EventType "team-tourn"]
[EventCountry "RUS"]
[SourceTitle "playchess.com"]
[Source "ChessBase"]
[SourceQuality "1"]
[WhiteTeam "CHN"]
[BlackTeam "GEO"]
[WhiteTeamCountry "CHN"]
[BlackTeamCountry "GEO"]

{[%evp 10,119,18,16,19,-15,9,-46,-41,-41,6,6,45,0,0,3,10,7,1,-13,44,17,10,12,54,56,75,50,58,36,51,45,53,0,0,0,0,0,0,0,0,-10,12,9,41,15,122,128,143,154,173,165,202,202,185,154,150,137,152,120,144,132,166,132,193,164,208,210,251,134,154,156,187,184,175,170,232,220,217,208,430,441,422,420,381,383,431,415,431,429,361,344,1812,1968,1824,1710,2006,1945,868,1918,1838,1493,1498,875,5073,2523,2076,3156,1649,1995,1476,1430]} 1. Nf3 d5 2. d4 Nf6 3. c4 e6 4. Nc3 Be7 5. Bg5 O-O 6. Qc2 dxc4 {D53: Queen's Gambit Declined: 4 Bg5 Be7: Early deviations} (6... Nbd7 7. Rd1 h6 8. Bh4 c6 9. e3 a6 10. h3 Re8 11. Be2 dxc4 12. Ne5 Nxe5 13. dxe5 Nd5 14. Bg3 Bh4 15. Bxh4 Qxh4 16. O-O Qg5 17. Qe4 b5 {½-½ (83) Andreikin,D (2723)-Kovalenko,I (2657) Sochi 2017}) 7. e4 Nc6 8. e5 (8. Rd1 $11) 8... Nd5 $15 {Black is slightly better.} 9. Bxe7 Qxe7 $146 ({Predecessor:} 9... Ndxe7 10. O-O-O b5 11. Nxb5 Rb8 12. Bxc4 Ba6 13. Qa4 Rb6 14. Nc3 Bxc4 15. Qxc4 {0-1 (28) Krishna,C (2326)-Vaibhav,S (2485) Mumbai 2012}) 10. Bxc4 Ndb4 11. Qe4 {Black should prevent a3.} Na5 12. Be2 {Threatening a3.} Bd7 13. O-O Bc6 14. Qg4 Nd5 ({Black should try} 14... Bxf3 $11 15. Bxf3 c5) 15. Ng5 h6 16. Nge4 f5 17. exf6 $1 Nxf6 18. Nxf6+ Rxf6 19. Rad1 Qf7 {...Rg6 is the strong threat.} 20. Bd3 Bd5 21. Nxd5 ({Better is} 21. Qe2 $14) 21... exd5 $11 22. g3 Nc4 23. Qe2 Re8 24. Qc2 c6 25. Rde1 Nd6 26. Re5 Rf8 27. f4 Qc7 {[#]} (27... Nc4 $11) 28. Rxd5 $1 $16 {[%mdl 512]} Qb6 (28... cxd5 29. Qxc7) 29. Rc5 Rd8 30. Re1 Nf7 31. Bc4 Kh8 32. Kh1 Nd6 33. Bd3 Rff8 34. d5 cxd5 35. Rxd5 Rc8 36. Qg2 Rc5 (36... Ne8 $16 {is a better defense.} 37. Rd7 Rc7) 37. h4 Rxd5 38. Qxd5 Qf2 {[#]} 39. Rg1 (39. Re2 $1 $18 {[%cal Re2f2]} Qxg3 40. Qxd6 Qh3+ 41. Rh2 Qf3+ 42. Rg2 Qxf4 43. Qxf4 Rxf4 44. h5) 39... Rd8 40. Rg2 Qe3 41. Bc2 a6 42. Kh2 Rd7 (42... Qe8 $142 43. Qd3 Qg8) 43. a4 $18 {[%cal Ba2a4,Ba4a5][%mdl 32]} Rd8 44. a5 $40 {[%mdl 128] White has strong attack.} Rd7 $2 (44... Qe8 {was worth a try.} 45. Qd3 Qg8) 45. b4 Rd8 46. Qe5 Qxe5 47. fxe5 {[%cal Bf4e5,Be5e6][%mdl 4128] Endgame KRB-KRN} Nb5 48. Be4 Rd7 49. e6 Re7 50. Rd2 {White wants to mate with Rd8+.} g5 $2 (50... g6 51. Rd7 (51. Bxg6 Rxe6 52. Bh5 Re7 $18) (51. Rd8+ Kg7 $18) 51... Rxe6) 51. Rd8+ {White is clearly winning.} Kg7 52. Rd7 Kf6 53. hxg5+ hxg5 54. Rxe7 Kxe7 55. Bxb7 {KB-KN} Nc7 56. Bc8 g4 57. Kg2 (57. Kg1 $142 Kd8 58. Bd7) 57... Kd8 58. Bd7 Ke7 59. Kf2 Kd6 60. Bc8 {Precision: White = 71%, Black = 39%.} 1-0

[Event "World Team-ch Women 2017"]
[Site "Khanty-Mansyisk"]
[Date "2017.06.21"]
[Round "5"]
[White "Socko, Monika"]
[Black "Ushenina, Anna"]
[Result "1-0"]
[WhiteElo "2485"]
[BlackElo "2458"]
[Annotator "TA"]
[PlyCount "81"]
[EventDate "2017.??.??"]
[EventType "team-tourn"]
[EventCountry "RUS"]
[SourceTitle "playchess.com"]
[Source "ChessBase"]
[SourceQuality "1"]
[WhiteTeam "POL"]
[BlackTeam "UKR"]
[WhiteTeamCountry "POL"]
[BlackTeamCountry "UKR"]

{[%evp 11,81,0,0,0,0,0,0,0,0,-7,14,1,12,0,0,0,53,7,26,-11,-7,0,19,19,8,25,38,25,22,0,0,-11,26,0,18,12,25,0,169,169,180,177,172,179,238,148,275,274,266,263,266,254,302,295,300,288,962,923,924,914,1091,1080,1091,1091,1045,850,848,835,830,828,818,802]} 1. d4 Nf6 2. Bg5 e6 {[#]} 3. e4 $1 {[%mdl 512]} h6 (3... Nxe4 4. Bxd8) 4. Bxf6 Qxf6 5. Nc3 Bb4 6. Qd2 d6 7. Nf3 {A45: Trompowsky Attack} (7. a3 Ba5 8. Nge2 Nc6 9. Rd1 O-O 10. f4 e5 11. dxe5 dxe5 12. b4 Bb6 13. f5 Ne7 14. Na4 Qh4+ 15. Ng3 {½-½ (39) Nakamura,H (2793)-Caruana,F (2787) Saint Louis 2015}) 7... Nc6 8. a3 Ba5 9. Be2 {The position is equal.} Bd7 10. Rd1 $146 ({Predecessor:} 10. O-O g5 11. d5 Bxc3 12. bxc3 Ne7 13. Rab1 b6 14. e5 dxe5 15. d6 {1-0 (45) Tristan,L (2441)-Restuccia,F (2136) Montevideo 2011}) 10... Rd8 11. O-O O-O 12. b4 Bb6 13. b5 Nb8 ({Better is} 13... Na5 $11) 14. e5 Qe7 15. Ne4 dxe5 16. Nxe5 Be8 17. Qe3 f6 18. Nf3 Nd7 19. Qb3 Bf7 20. Bc4 Rfe8 21. Rfe1 Nf8 22. Qc3 a6 23. bxa6 bxa6 24. a4 Ra8 $2 (24... c5 $1 $11) 25. a5 $18 Ba7 26. Bxa6 Reb8 27. Bf1 $36 {[%mdl 2048] White has strong initiative.} Qb4 (27... Ng6 $142 28. h3 Nf4) 28. Rb1 Qxb1 (28... Qxc3 $16 {was called for.} 29. Nxc3 Rxb1 30. Rxb1 c5) 29. Rxb1 Rxb1 30. Qxc7 Bb8 {[#]} 31. Qc3 $1 Rd1 32. Nfd2 e5 {If Black can now play ...exd4 this consolidates a bit.} 33. Qf3 Ra1 $2 {[#]} (33... Rxf1+ 34. Kxf1 Rxa5) 34. Nxf6+ $1 {[%mdl 512] White is clearly winning.} gxf6 35. Qxa8 Bc7 36. a6 exd4 37. Qb7 Bf4 38. a7 Bxd2 39. a8=Q Rxa8 40. Qxa8 Bc3 41. Qc8 {Precision: White = 52%, Black = 27%.} 1-0

[Event "World Team-ch Women 2017"]
[Site "Khanty-Mansyisk"]
[Date "2017.06.21"]
[Round "5"]
[White "Goryachkina, Aleksandra"]
[Black "Nemcova, Katerina"]
[Result "1/2-1/2"]
[WhiteElo "2477"]
[BlackElo "2313"]
[Annotator "TA"]
[PlyCount "178"]
[EventDate "2017.??.??"]
[EventType "team-tourn"]
[EventCountry "RUS"]
[SourceTitle "playchess.com"]
[Source "ChessBase"]
[SourceQuality "1"]
[WhiteTeam "RUS"]
[BlackTeam "USA"]
[WhiteTeamCountry "RUS"]
[BlackTeamCountry "USA"]

{[%evp 20,178,38,40,43,12,9,5,12,0,0,0,0,-1,20,-10,22,17,15,16,31,22,49,49,49,39,43,47,37,37,50,18,114,106,112,106,116,108,126,104,142,47,35,37,126,67,151,10,51,12,13,17,60,8,4,0,47,0,10,8,63,9,132,29,120,120,201,121,121,121,121,121,129,122,129,121,121,90,90,89,89,89,89,83,83,83,90,90,90,90,90,70,70,70,70,70,70,70,70,70,70,70,70,70,70,70,70,70,70,70,70,70,70,59,59,59,59,59,59,59,59,59,59,59,59,59,59,59,59,59,59,59,59,0,59,59,59,54,54,54,54,54,54,54,54,54,54,12,12,12,52,10,94,0,0,0,0,0,0,0,0]} 1. d4 d5 {[%cal Bd7d5,Bd5c4][%mdl 32]} 2. c4 dxc4 3. Nf3 a6 4. e3 b5 5. a4 Bb7 6. b3 e6 {D22: Queen's Gambit Accepted: 3 Nf3 a6 4 e3} 7. bxc4 bxc4 8. Bxc4 Nf6 9. O-O (9. Nbd2 Nbd7 10. Qb3 Rb8 11. Qd3 Nd5 12. Bxd5 exd5 13. Ba3 c5 14. dxc5 Bxc5 {0-1 (41) Dominguez Perez,L (2732)-Ponomariov,R (2712) Huaian 2016}) 9... c5 10. Nbd2 cxd4 11. Nxd4 {LiveBook: 4 Games} Nc6 12. N4f3 $146 ({Predecessor:} 12. Nxc6) 12... Bb4 13. Bb2 O-O 14. Qe2 Qe7 15. Bd3 Rfd8 16. Nc4 Na5 17. Nce5 Nc6 18. Rac1 Nxe5 19. Nxe5 Bd6 20. Rfd1 a5 21. Nc6 Bxc6 $1 22. Rxc6 Rac8 23. Rxc8 Rxc8 24. g3 h6 25. Bb1 {With the idea Bxf6.} Ba3 (25... Bb4 $11) 26. Qa6 $16 Re8 27. Bxa3 Qxa3 28. Qxa5 Nd5 29. Qb5 Kf8 30. Bc2 (30. Rd3 $16 Qc1+ 31. Kg2) 30... Nc3 $14 31. Qd3 Rc8 (31... Qb4 $1 $14) 32. Qa6 (32. Rd2 $16) 32... Qc5 (32... Re8 $1 $14) 33. Re1 ({Better is} 33. Rd7 $16) 33... Rc6 34. Qa8+ (34. Qb7 {is interesting.} Rc7 35. Qb3 g6 36. Bd3 Kg7 37. Ra1) 34... Rc8 35. Qb7 $40 {[%mdl 128] Black needs to defend precisely.} Rc7 36. Qb8+ (36. Qb2 $14) 36... Rc8 $11 37. Qb7 Rc7 38. Qa8+ Rc8 39. Qf3 Qb4 (39... Kg8 $11) 40. Kg2 (40. Bg6 $1 $14 Rc7 41. Qa8+ Ke7 42. Bh5) 40... Qc4 (40... Kg8 $11) 41. a5 ({White should play} 41. Ra1 $16) 41... Nd5 (41... Qb5 $1 $11 {remains equal.}) 42. Be4 Qc3 (42... Qa2 $16 {might work better.}) 43. Rd1 Qxa5 44. Bxd5 exd5 45. Rxd5 $16 {[%mdl 4096] Endgame KQR-KQR} Qc7 46. h4 Rd8 47. Rf5 g6 48. Rb5 h5 49. Rb4 Qe5 50. Rf4 Rd7 51. Kh2 Kg7 52. Qe2 Re7 53. Qd2 Kg8 54. Rd4 Re8 55. Rd8 Rxd8 56. Qxd8+ $14 {KQ-KQ} Kh7 $1 57. Qd4 Qf5 58. Kg2 Kg8 59. Kf1 Qb1+ 60. Ke2 $1 Qc2+ 61. Qd2 Qf5 62. Qd3 Qg4+ 63. Kf1 Qh3+ 64. Ke1 Qe6 65. Qd4 Qf5 66. e4 Qe6 67. Kd2 Qb3 68. Ke2 Kh7 69. Qd5 (69. Qd3 $5 {[%cal Rd3b3]} Qb4 70. Ke3 $16) 69... Qc2+ 70. Kf3 Qc3+ 71. Kg2 Kg7 72. Qg5 Qd4 73. Qf4 Qd1 74. Qe5+ Kg8 75. Qf6 Qd7 76. Qe5 (76. Qc3 $14) 76... Kh7 (76... Qd1 $1 $11) 77. Qd5 Qc7 78. e5 Qe7 79. Kf3 Kg7 80. Qd6 Qb7+ 81. Kf4 Qa7 82. Qf6+ Kh7 83. Kg5 Qd7 {[%csl Gh5][%cal Rd7g4] [#]} 84. f3 Qe8 85. Qd6 {Threatens to win with Kf6.} Qa8 (85... Kg7 $1 $11) 86. Qf6 ({White should try} 86. Kf6 $16 {aiming for f4.} Qxf3+ 87. Ke7) 86... Qf8 $11 {[%csl Gh7][%cal Rf8h6] The position is equal.} 87. Kf4 Qb4+ 88. Ke3 Qc3+ 89. Ke4 (89. Kf2 $5 {[%cal Rf6f7]} Qd2+ 90. Kf1 Qd1+ 91. Kg2 Qe2+ 92. Kh3 $11) 89... Qc4+ {Precision: White = 48%, Black = 51%.} 1/2-1/2

[Event "World Team-ch Women 2017"]
[Site "Khanty-Mansyisk"]
[Date "2017.06.21"]
[Round "5"]
[White "Batsiashvili, Nino"]
[Black "Guo, Qi"]
[Result "0-1"]
[WhiteElo "2468"]
[BlackElo "2417"]
[Annotator "TA"]
[PlyCount "129"]
[EventDate "2017.??.??"]
[EventType "team-tourn"]
[EventCountry "RUS"]
[SourceTitle "playchess.com"]
[Source "ChessBase"]
[SourceQuality "1"]
[WhiteTeam "GEO"]
[BlackTeam "CHN"]
[WhiteTeamCountry "GEO"]
[BlackTeamCountry "CHN"]

{[%evp 10,129,14,5,5,5,5,0,5,-7,0,0,-3,-3,0,0,5,5,6,5,12,5,5,0,5,5,25,0,5,5,5,5,6,6,17,8,9,8,27,21,24,23,17,6,33,12,16,6,11,17,26,0,16,24,27,17,21,6,21,9,9,0,21,9,19,19,21,28,19,19,28,19,19,19,19,0,19,19,20,0,38,0,0,0,0,0,38,0,0,0,0,0,0,0,39,0,52,52,52,52,54,0,0,0,0,0,0,0,0,0,0,0,0,0,0,0,0,0,0,0,0,0]} 1. d4 Nf6 2. Nf3 d5 3. Bf4 c5 4. e3 Nc6 5. Nbd2 (5. c3 Bg4 6. Nbd2 e6 7. Qb3 Qc8 8. Ne5 Nxe5 9. Bxe5 c4 10. Qc2 Bf5 11. Qd1 Nd7 12. g4 Bg6 13. Bg3 h5 14. g5 h4 {1-0 (45) Karjakin,S (2783)-Meier,G (2630) chess.com INT 2017}) 5... Bg4 6. h3 {LiveBook: 3 Games. D02: 1 d4 d5 2 Nf3 sidelines, including 2...Nf6 3 g3 and 2...Nf6 3 Bf4} (6. c3 {is more complex.} e6 7. Qb3 Qc8 8. Bb5 c4 9. Qa4) 6... Bxf3 7. Nxf3 ({Reject} 7. gxf3 cxd4 8. exd4 Nxd4 $17) 7... e6 8. c3 Bd6 9. Qb3 $146 ({Predecessor:} 9. Bxd6 Qxd6 10. Bd3 O-O 11. O-O Rab8 12. Qe2 a6 {1-0 (61) Rudolf,M (2359)-Worek,J (2332) Poronin 2013}) 9... Rb8 10. dxc5 Bxf4 11. exf4 O-O 12. Bd3 Qa5 13. O-O Qxc5 14. Rfe1 g6 15. Qc2 Rbc8 16. Qe2 Nh5 17. Qd2 Rfd8 18. a3 (18. f5 $5) 18... Qd6 19. g3 Nf6 20. Rad1 Qf8 21. Qe2 Nd7 22. h4 Nf6 23. Kg2 Re8 24. Ne5 h5 25. Qe3 a6 26. Nf3 Ng4 27. Qe2 e5 28. fxe5 Ncxe5 29. Nxe5 Rxe5 30. Qf3 Rce8 31. Rxe5 Rxe5 32. Rd2 Qe7 33. Re2 Kg7 (33... Qe6 $5) 34. Rxe5 Qxe5 35. Be2 (35. Bb1 {is interesting.} Qe6 36. Ba2 Nf6 37. Qd1 Qb6 38. Qd2) 35... Nf6 36. Qd3 Qe4+ 37. Qxe4 Nxe4 $11 {[%mdl 4096] Endgame KB-KN} 38. Kf3 Kf6 39. Ke3 Ke5 40. Bd3 Nc5 41. Bc2 f5 42. Bd1 Ne4 43. Bb3 Nc5 44. Bc2 Ne6 45. Ba4 b5 46. Bc2 Nc5 $1 47. Bd1 Kd6 48. Kd4 Ne6+ 49. Kd3 Nc5+ 50. Ke3 Ke5 51. Bc2 Kd6 52. b4 Ne6 (52... Ne4 $11) 53. a4 $14 Ke5 54. axb5 axb5 55. Kd3 (55. Bd3 $14) 55... f4 $11 {The position is equal.} 56. Ke2 fxg3 57. fxg3 g5 $1 58. Ke3 gxh4 59. gxh4 d4+ 60. cxd4+ Nxd4 61. Bg6 Nc6 62. Bxh5 Nxb4 63. Bf3 Nc2+ 64. Kd2 Nd4 65. Bd1 {[%mdl 32768] Precision: White = 44%, Black = 63%. . Loss on Time!?} 0-1

[Event "World Team-ch Women 2017"]
[Site "Khanty-Mansyisk"]
[Date "2017.06.21"]
[Round "5"]
[White "Zhukova, Natalia"]
[Black "Zawadzka, Jolanta"]
[Result "1/2-1/2"]
[WhiteElo "2449"]
[BlackElo "2426"]
[Annotator "TA"]
[PlyCount "43"]
[EventDate "2017.??.??"]
[EventType "team-tourn"]
[EventCountry "RUS"]
[SourceTitle "playchess.com"]
[Source "ChessBase"]
[SourceQuality "1"]
[WhiteTeam "UKR"]
[BlackTeam "POL"]
[WhiteTeamCountry "UKR"]
[BlackTeamCountry "POL"]

{[%evp 21,43,6,9,8,5,0,14,5,9,0,0,0,0,0,0,0,0,0,0,0,0,0,0,-7]} 1. c4 e6 2. Nc3 d5 3. d4 Bb4 4. e3 Nf6 5. a3 Bxc3+ 6. bxc3 c6 7. Nf3 O-O 8. Bd3 {E51: Nimzo-Indian: Rubinstein: 4...0-0 5 Nf3 d5} b6 9. cxd5 cxd5 10. Qe2 Bb7 11. Bb2 Qc8 {LiveBook: 3 Games. The position is equal.} 12. Nd2 $146 ({Predecessor:} 12. c4 dxc4 13. Bxc4 Ba6 14. Bxa6 Qxa6 15. Qxa6 Nxa6 {½-½ (34) Peralta,F (2569)-Arribas Lopez,A (2541) La Roda 2015}) 12... Ba6 13. c4 Nc6 14. O-O Na5 {[%cal Rd5c4]} 15. Rac1 Qd7 16. e4 dxc4 17. Nxc4 Nxc4 18. Bxc4 Bxc4 19. Rxc4 Rfc8 20. Rfc1 Ne8 21. d5 exd5 22. exd5 1/2-1/2

[Event "World Team-ch Women 2017"]
[Site "Khanty-Mansyisk"]
[Date "2017.06.21"]
[Round "5"]
[White "Javakhishvili, Lela"]
[Black "Tan, Zhongyi"]
[Result "0-1"]
[WhiteElo "2447"]
[BlackElo "2517"]
[Annotator "TA"]
[PlyCount "110"]
[EventDate "2017.??.??"]
[EventType "team-tourn"]
[EventCountry "RUS"]
[SourceTitle "playchess.com"]
[Source "ChessBase"]
[SourceQuality "1"]
[WhiteTeam "GEO"]
[BlackTeam "CHN"]
[WhiteTeamCountry "GEO"]
[BlackTeamCountry "CHN"]

{[%evp 11,110,0,0,0,0,0,4,0,0,0,0,0,12,7,10,10,10,14,4,9,12,2,8,0,5,0,0,0,1,0,0,-20,0,0,0,-1,0,-4,-11,-16,-11,-8,-11,-14,0,0,0,0,0,0,0,-41,-35,-27,-7,-35,-35,-35,-35,-35,-35,-35,-35,-35,-35,-88,-89,-87,-89,-89,-48,-660,-417,-1695,-1688,-1766,-1620,-1729,-1743,-1472,-1543,-1364,-1222,-786,-574,-2282,-2435,-1743,-2228,-2198,-1820,-2011,-1802,-1810,-190,-1703,-1496,-1939,-1731,-1188,-1051]} 1. d4 Nf6 2. c4 e6 3. Nf3 b6 4. e3 Bb7 5. Nc3 d5 6. cxd5 exd5 {LiveBook: 187 Games} 7. g3 {E14: Queen's Indian: Classical Variation (4 e3)} Bd6 8. Bg2 Nbd7 9. O-O {The position is equal.} O-O 10. Qc2 a6 11. b3 Re8 $146 ({Predecessor:} 11... Qe7 12. Bb2 Rac8 13. Rac1 Rfe8 14. Rfd1 Ne4 15. Nxe4 dxe4 {½-½ (37) Sasikiran,K (2662)-Smirnov,P (2641) Rhodes 2013}) 12. Bb2 Ne4 13. Nxe4 dxe4 14. Nd2 {[%cal Rd2e4]} Qe7 15. Nc4 Bd5 16. Rfc1 Ra7 17. Bh3 Nf6 {[%cal Bd7f6,Bf6h7,Bh7g5,Bg5f3][%mdl 32]} 18. a4 h5 19. Nxd6 cxd6 20. Ba3 Nh7 21. Bg2 h4 22. Qe2 hxg3 23. hxg3 g6 24. Qg4 $1 Rd7 25. Rc3 Ng5 26. Rac1 Kg7 27. Rc8 {[#] aiming for Rxe8.} Nf3+ 28. Bxf3 exf3 29. Rxe8 Qxe8 30. e4 Bxe4 31. Re1 (31. d5 $5 Bxd5 32. Bb2+ f6 33. Qg5 $11) 31... d5 32. Rc1 $1 Rd8 33. Qf4 (33. Qh4 $5 {[%cal Ra3e7]} Rc8 34. Rxc8 Qxc8 35. Qe7 $17) 33... Rc8 34. Rxc8 Qxc8 35. Be7 Qh3 {[%csl Ge4,Gf3][%cal Rh3g2]} 36. Bf6+ Kh7 {[%csl Ge4,Gf3][%cal Rh3g2]} 37. Qh4+ Qxh4 38. Bxh4 $15 {[%mdl 4096] Endgame KB-KB} ({Better is} 38. gxh4 $15 Bc2 39. b4) 38... Bc2 $17 39. b4 Bxa4 40. Bd8 Bb5 41. Bxb6 $2 {[%mdl 8192]} (41. g4 $15) 41... g5 $19 {[%cal Bg6g5,Bg5g4][%mdl 32]} 42. Kh2 (42. g4 $142 Bd7 43. Kf1) 42... g4 43. Kg1 Kg6 44. Ba7 Kf5 45. Bb6 Ke4 46. Ba7 Kd3 47. Bc5 f5 48. Kh2 Ke2 49. Kg1 {[#]} f4 $1 {[%mdl 512] ( -> ...fxg3)} 50. Bd6 (50. gxf4 g3) 50... fxg3 51. Bxg3 Kd3 52. Kf1 Kd2+ 53. Kg1 Kc3 {Black is clearly winning.} 54. Bd6 Kxd4 55. Kh2 Kc3 {Precision: White = 64%, Black = 81%.} 0-1

[Event "World Team-ch Women 2017"]
[Site "Khanty-Mansyisk"]
[Date "2017.06.21"]
[Round "5"]
[White "Tania, Sachdev"]
[Black "Moaataz, Ayah"]
[Result "1-0"]
[WhiteElo "2408"]
[BlackElo "2020"]
[Annotator "TA"]
[PlyCount "57"]
[EventDate "2017.??.??"]
[EventType "team-tourn"]
[EventCountry "RUS"]
[SourceTitle "playchess.com"]
[Source "ChessBase"]
[SourceQuality "1"]
[WhiteTeam "IND"]
[BlackTeam "EGY"]
[WhiteTeamCountry "IND"]
[BlackTeamCountry "EGY"]

{[%evp 15,57,31,46,20,38,28,39,35,44,27,55,50,93,33,26,-25,79,-7,-8,-64,-22,-124,-36,-22,-20,-23,123,118,103,95,91,77,211,207,313,304,399,454,1715,1715,1683,1599,29991,1751]} 1. d4 d5 2. Nf3 Nf6 3. c4 e6 4. Nc3 Be7 5. Qc2 b6 6. cxd5 exd5 7. Bf4 a6 8. e3 O-O 9. Bd3 {D37: Queen's Gambit Declined: 5 Bf4} (9. Be2 Bb7 10. O-O Nh5 11. Be5 Nd7 12. Rfd1 Re8 13. Rac1 c6 14. Bd3 g6 15. Qb3 Bf6 16. Bxf6 Nhxf6 {0-1 (35) Gavrish,L (2138)-Biriukov,N (2402) Lvov 2012}) 9... c5 10. dxc5 bxc5 11. O-O {White is slightly better.} Nc6 12. a3 g6 $146 ({Predecessor:} 12... Be6 13. Rfd1 Qb6 14. Ng5 h6 15. Nxe6 fxe6 16. Na4 Qa7 {1-0 (38) Zufic,Z-Drlje,J (2092) Pula 1999}) 13. Rfd1 Qa5 14. e4 ({White should play} 14. b4 $16 cxb4 15. axb4) 14... Bg4 $14 15. exd5 (15. Nxd5 $142 Nxd5 16. exd5) 15... Bxf3 (15... Nd4 $11 16. Nxd4 Bxd1 17. Nxd1 (17. Rxd1 cxd4 18. d6 dxc3 $15) 17... cxd4) 16. gxf3 ({Better is} 16. dxc6 $16 Bxd1 17. Rxd1) 16... Nd4 $11 17. Qb1 (17. Qa4 $11 Qxa4 18. Nxa4 Nxd5 19. Bg3) 17... Nh5 18. Bh6 (18. Bg3 $1 $11) 18... Nxf3+ (18... Qc7 $17 19. Bxf8 Nxf3+ 20. Kg2 Nh4+ 21. Kg1 Nf3+ 22. Kg2 Nh4+ 23. Kh1 Qf4) 19. Kg2 $15 Nh4+ 20. Kh1 {[#] aiming for d6.} Rfb8 (20... Rfd8 $11 {remains equal.}) 21. Be4 {d6 is the strong threat.} Bf6 22. Qc2 Re8 23. d6 $36 {[%cal Bd5d6,Bd6d7][%mdl 2080] Black must now prevent d7. White is on the roll.} Ra7 (23... Rad8 $16) 24. d7 $18 {[%cal Rd7e8] [#]} Rb8 (24... Rd8 $142) 25. Nd5 Qd8 26. Nxf6+ Qxf6 (26... Nxf6 $142 27. Bg5 (27. Qxc5 Rxd7 28. Rxd7 Qxd7 $11) 27... Rxd7 28. Rxd7 Qxd7) 27. Qxc5 {Threatening mate with Qc8+.} Rxd7 28. Rxd7 Qxb2 29. Rb1 {Precision: White = 48%, Black = 24%.} (29. Rad1 $142 Qf6 30. Bg5 Qe6 31. Rd8+ Qe8 32. Rxe8+ Rxe8 33. Qc6 Rf8 34. Bxh4) 1-0

[Event "World Team-ch Women 2017"]
[Site "Khanty-Mansyisk"]
[Date "2017.06.21"]
[Round "5"]
[White "Kulon, Klaudia"]
[Black "Gaponenko, Inna"]
[Result "1/2-1/2"]
[WhiteElo "2381"]
[BlackElo "2429"]
[Annotator "TA"]
[PlyCount "102"]
[EventDate "2017.??.??"]
[EventType "team-tourn"]
[EventCountry "RUS"]
[SourceTitle "playchess.com"]
[Source "ChessBase"]
[SourceQuality "1"]
[WhiteTeam "POL"]
[BlackTeam "UKR"]
[WhiteTeamCountry "POL"]
[BlackTeamCountry "UKR"]

{[%evp 20,102,15,0,14,13,19,18,16,10,25,26,22,0,0,1,18,14,20,19,36,-20,-15,-41,8,11,34,33,36,18,16,21,60,20,9,17,17,0,0,0,27,0,0,0,0,0,0,0,0,0,0,0,0,0,-8,-8,0,-8,-11,-39,-52,-44,-29,-29,0,0,0,0,0,0,0,0,0,0,0,0,0,0,0,0,0,0,0,0,0]} 1. e4 e6 2. d4 d5 3. Nd2 c5 4. exd5 Qxd5 5. Ngf3 cxd4 6. Bc4 Qd7 {C07: French Tarrasch: 3...c5, 4 Ngf3 and 4 exd5 Qxd5} (6... Qd6 7. O-O Nf6 8. Nb3 Nc6 9. Nbxd4 Nxd4 10. Qxd4 Qxd4 11. Nxd4 Bd7 12. Be2 Bc5 13. Rd1 Rc8 14. c4 O-O 15. Be3 e5 16. Nc2 Bf5 17. Bxc5 Rxc5 18. Ne3 Be6 19. b4 Rc7 20. c5 Ne4 21. Rac1 Rfc8 22. Bf3 Nf6 23. Bd5 Nxd5 24. Nxd5 Bxd5 25. Rxd5 f6 26. Rcd1 {½-½ (26) Anand,V (2786)-So,W (2812) Stavanger 2017}) 7. O-O Nc6 8. Nb3 a6 9. a4 Nf6 10. Bg5 Qc7 11. Qe2 {LiveBook: 3 Games} Be7 12. Nbxd4 Nxd4 13. Nxd4 O-O 14. c3 $146 ({Predecessor:} 14. Rfe1) 14... Nd5 15. Bxe7 Nxe7 16. Bd3 Nd5 17. Bc2 Bd7 18. Rad1 Rfe8 (18... Nf4 $5 {[%cal Rf4e2]} 19. Qe3 e5 $11) 19. Rfe1 Rad8 20. c4 (20. Nf3 $14) 20... Nf4 21. Qe4 Ng6 (21... g6 {seems wilder.} 22. Qe5 Qxe5 23. Rxe5 f6 24. Re3 e5) 22. b3 e5 23. Nf5 {Nd6 is the strong threat.} Bxf5 24. Qxf5 Rxd1 25. Rxd1 {[#] Black must now prevent Rd7.} Rd8 26. Rd5 (26. Rxd8+ {with more complications.} Qxd8 27. g3 a5 28. h4 Qe8 29. Qe4) 26... Rxd5 27. cxd5 Nf8 28. g3 g6 29. Qd3 Nd7 30. b4 (30. d6 $5 {[%cal Rd6c7]} Qc5 31. Qd2 $14) 30... Qd6 31. Qc4 Nb6 32. Qc5 Qxc5 33. bxc5 Nxd5 $11 {[%mdl 4096] Endgame KB-KN} 34. Be4 Nc7 35. Bxb7 a5 36. Kf1 $1 Ne6 37. c6 Kf8 38. Ke2 $1 Ke7 39. Kd3 $1 Kd6 40. Kc4 Nc7 41. g4 g5 42. f3 {The position is equal.} h6 43. Bc8 {[#] aiming for Bd7.} Kxc6 {Hoping for ...Na8.} 44. Bf5 Kd6 45. Be4 f6 46. h3 Ne6 47. Kb5 Nd4+ 48. Kb6 Nb3 49. Kb5 Nd4+ 50. Kb6 Nb3 51. Kb5 Nd4+ {Precision: White = 71%, Black = 60%.} 1/2-1/2